| 000 | 00935 a2200157 4500 | ||
|---|---|---|---|
| 003 | Nust | ||
| 005 | 20170207154206.0 | ||
| 040 | _cNust | ||
| 082 | _a621.382 | ||
| 100 | _aW.L.Everitt , G.E.Anner, | ||
| 245 |
_aCommunication Engineering _cW.L.Everitt , G.E.Anner, |
||
| 260 |
_alondon _bMc Graw-Hill _c1956 |
||
| 300 | _axi,644p; | ||
| 505 | _aFundamental Principles of Communication Networks (Page-1) Methods of Network-Behavior Analysis (Page-44) Steady-State Analysis and Network Theorems (Page-86) Resonance (Page-130) Bridge Networks (Page-189) Iterative Networks (Page-219) Wave Filters (Page-249) The Infinite Line (Page-294) Reflection (Page-329) Lines of Low Loss (Page-360) Impedance Transformation (Page-403) Impedance Matching With Stubs (Page-451) Broad-Band Impedance Transformation (Page-468) Equalization (Page-505) Linear Amplifiers (Page-540) Electromechanical Coupling (Page-595) | ||
| 538 | _aAlmirah No.130 Shelf No.5 | ||
| 942 |
_2ddc _cBK |
||
| 999 |
_c194881 _d194881 |
||